000 01527nam a2200361 i 4500
001 000005412
003 DO-SdBNP
005 20260528111525.0
007 ta
008 090819s2007 dr acd 000 0 spa d
020 _a9945852256
040 _aDO-SdBNP
_bspa
_cBNPHU
_erda
041 _aspa
082 4 _a338.1097293
_bR789r
_222
100 1 _aRosario, Pedro Juan del
_eautor
_4aut.
_99323
245 1 3 _aLa ruralidad dominicana :
_breflexiones para la lucha contra la pobreza /
_cPedro Juan del Rosario, José Horacio López ; presentación, Rafael Pérez Duvergé.
250 _aPrimera edición
264 _aSanto Domingo, República Dominicana :
_bEditora Centenario,
_c2007.
300 _avi, 202 páginas :
_bilustraciones, retratos, gráficos ;
_c23 cm.
336 _atexto
_btxt
_2rdacontent
337 _asin mediación
_bn
_2rdamedia
338 _avolumen
_bnc
_2rdacarrier
500 _aIncluye referencias bibliográficas y notas al pie de las páginas
504 _aBibliografía: páginas 188-202
650 7 _aAgricultura
_xAspectos económicos
_zRepública Dominicana
_2LIBRUNAM
_91508
650 7 _aMigración rural -urbana
_zRepública Dominicana
_2LIBRUNAM
_989729
650 7 _aPobreza rural
_zRepública Dominicana
_2LIBRUNAM
_973233
650 7 _aDesarrollo rural
_zRepública Dominicana
_2LIBRUNAM
_989730
700 1 _aLópez, José Horacio,
_eautor
_4aut.
_915362
700 1 _aPérez Duvergé, Rafael
_epresentador
_4pr.
_96514
910 _aValidado. Control de calidad MFF
942 _2ddc
_cLBS1
999 _c5212
_d5212